Statistics for Countries with the Highest Murder Count

Click here to take the quiz!

General Stats

  • This quiz has been taken 292 times
  • The average score is 11 of 15

Answer Stats

RankCountAnswer% Correct
814,827United States
97%
426,037Mexico
91%
150,108Brazil
89%
1113,410China
87%
1213,120Russia
87%
243,355India
85%
914,670Colombia
78%
616,259South Africa
77%
716,072Venezuela
75%
1013,846Pakistan
73%
333,817Nigeria
71%
518,586DR Congo
60%
1311,048Ethiopia
50%
148,484Philippines
47%
158,044Myanmar
12%

Score Distribution

Percentile by Number Answered

Percent of People with Each Score

Your Score History

You have not taken this quiz